Statistics for MLB Teams from East to West

Click here to take the quiz!

General Stats

  • This quiz has been taken 71 times
  • The average score is 26 of 30

Answer Stats

LongitudeTeam% Correct
71°5′51″WBoston Red Sox
100%
73°50′45″WNew York Mets
98%
73°55′35″WNew York Yankees
98%
76°37′18″WBaltimore Orioles
91%
112°4′1″WArizona Diamondbacks
89%
80°13′11″WMiami Marlins
89%
75°9′59″WPhiladelphia Phillies
89%
77°0′27″WWashington Nationals
89%
118°14′24″WLos Angeles Dodgers
87%
122°12′2″WOakland Athletics
87%
84°28′4″WAtlanta Braves
84%
87°39′20″WChicago Cubs
84%
81°41′7″WCleveland Indians
84%
104°59′39″WColorado Rockies
84%
95°21′20″WHouston Astros
84%
117°52′58″WLos Angeles Angels
84%
80°0′21″WPittsburgh Pirates
84%
79°23′21″WToronto Blue Jays
84%
87°38′2″WChicago White Sox
82%
84°30′24″WCincinnati Reds
82%
93°16′42″WMinnesota Twins
82%
117°9′24″WSan Diego Padres
82%
122°23′21″WSan Francisco Giants
82%
122°19′57″WSeattle Mariners
82%
90°11′35″WSt. Louis Cardinals
82%
82°39′12″WTampa Bay Rays
82%
97°4′58″WTexas Rangers
82%
83°2′55″WDetroit Tigers
78%
94°28′50″WKansas City Royals
78%
87°58′16″WMilwaukee Brewers
78%

Score Distribution

Percentile by Number Answered

Percent of People with Each Score

Your Score History

You have not taken this quiz